Vývoj schémy Európskeho spoločenstva pre environmentálne manažérstvo a audit

Problematika zamerania revízie EMAS, ktorá má vstúpiť do platnosti v roku 2008 a je známa pod názvom EMAS III. Normy systémov environmentálneho manažérstva ISO 14000. Účinnosť systému environmentálneho manažérstva. EMAs (schéma Spoločenstva pre environmentálne manažérstvo a audit. Revízia environmen...

Descrizione completa

Salvato in:
Dettagli Bibliografici
Autore principale: Kollár, Vojtech
Altri autori: Brokeš, Peter
Natura: Capitolo di libro
Lingua:slovacco
Soggetti:
Tags: Aggiungi Tag
Nessun Tag, puoi essere il primo ad aggiungerne!!

MARC

LEADER 00000naa$a2200000$$$4500
001 0055992
005 20240502071633.6
041 0 |a slo 
044 |a SK 
245 1 0 |a Vývoj schémy Európskeho spoločenstva pre environmentálne manažérstvo a audit  |c Vojtech Kollár, Peter Brokeš 
520 |a Problematika zamerania revízie EMAS, ktorá má vstúpiť do platnosti v roku 2008 a je známa pod názvom EMAS III. Normy systémov environmentálneho manažérstva ISO 14000. Účinnosť systému environmentálneho manažérstva. EMAs (schéma Spoločenstva pre environmentálne manažérstvo a audit. Revízia environmentálneho manažérstva auditu EMAS-II. Porovnanie ISO 14000 a EMAS. Súčasný stav a ďalší vývoj EMAS. 
610 2 0 |a manažerizmus 
610 2 0 |a environmentalistika 
610 2 0 |a audit 
610 2 0 |a normy ISO 
610 2 0 |a systémy informačné integrované 
610 2 0 |a systémy informačné riadiace 
610 2 0 |a prostredie životné 
610 2 0 |a Európske spoločenstvá 
100 1 |a Kollár, Vojtech 
700 1 |a Brokeš, Peter